चाँदः फाँसी अंक / (Record no. 145605)

MARC details
000 -LEADER
fixed length control field 01259nam a22002057a 4500
005 - DATE AND TIME OF LATEST TRANSACTION
control field 20181207130405.0
010 ## - LCCN (DPL NO)
LC control number 17-18HN-4.8.17 B-706685-692
020 ## - INTERNATIONAL STANDARD BOOK NUMBER
International Standard Book Number 9788171190041
Terms of availability 600.00
035 ## - SYSTEM CONTROL NUMBER
System control number B-706685-692
037 ## - SOURCE OF ACQUISITION
Source of stock number/acquisition राधाकृष्ण प्रकाशन
Stock number D
082 ## - DEWEY DECIMAL CLASSIFICATION NUMBER
Classification number 820.4
100 1# - MAIN ENTRY--PERSONAL NAME
Personal name चतुर्वेदी, नरेशचन्द्र
245 1# - TITLE STATEMENT
Title चाँदः फाँसी अंक /
Statement of responsibility, etc नरेशचन्द्र चतुर्वेदी
250 ## - EDITION STATEMENT
Edition statement 4था संस्क
Remainder of edition statement 6ठा संस्क
260 ## - PUBLICATION, DISTRIBUTION, ETC. (IMPRINT)
Place of publication, distribution, etc नई दिल्ली
Name of publisher, distributor, etc राधाकृष्ण प्रकाशन
Date of publication, distribution, etc 2014
-- 2018
270 ## - ADDRESS
Address 7/31,अंसारी रोड़,दरियागंज,नई दिल्ली-
City नई दिल्ली
Postal code 110002
300 ## - PHYSICAL DESCRIPTION
Extent 323पृ. :
Dimensions 25सेमी(सजिल्द)
Other physical details सचित्र
942 ## - ADDED ENTRY ELEMENTS (KOHA)
Institution code [OBSOLETE] dpl
Item type Hindi Books
Source of classification or shelving scheme Dewey Decimal Classification
Classification part 820.4
Call number suffix चतुर्वे
Holdings
Withdrawn status Lost status Not for loan Collection code Home library Current library Date acquired Source of acquisition Cost, normal purchase price Full call number Barcode Copy number Cost, replacement price Koha item type
      Non-fiction Ashok Vihar Ashok Vihar 04/12/2018 राधाकृष्ण प्रकाशन BL-BR514/04.05.18/282/04.05.18/18.09.18 600.00 820.4 चतुर्वे B-706691 1 600.00 Hindi Books
      Non-fiction Central Library Central Library 04/12/2018 राधाकृष्ण प्रकाशन BL-BR514/04.05.18/282/04.05.18/18.09.18 600.00 820.4 चतुर्वे B-706685 1 600.00 Hindi Books
      Non-fiction Mobile Library Mobile Library 04/12/2018 राधाकृष्ण प्रकाशन BL-BR514/04.05.18/282/04.05.18/18.09.18 600.00 820.4 चतुर्वे B-706686 4 600.00 Hindi Books
      Non-fiction Mobile Library Mobile Library 04/12/2018 राधाकृष्ण प्रकाशन BL-BR514/04.05.18/282/04.05.18/18.09.18 600.00 820.4 चतुर्वे B-706687 4 600.00 Hindi Books
      Non-fiction Mobile Library Mobile Library 04/12/2018 राधाकृष्ण प्रकाशन BL-BR514/04.05.18/282/04.05.18/18.09.18 600.00 820.4 चतुर्वे B-706688 4 600.00 Hindi Books
      Non-fiction Mobile Library Mobile Library 04/12/2018 राधाकृष्ण प्रकाशन BL-BR514/04.05.18/282/04.05.18/18.09.18 600.00 820.4 चतुर्वे B-706689 4 600.00 Hindi Books
      Non-fiction New Police Line New Police Line 04/12/2018 राधाकृष्ण प्रकाशन BL-BR514/04.05.18/282/04.05.18/18.09.18 600.00 820.4 चतुर्वे B-706690 1 600.00 Hindi Books
      Non-fiction Shahdara Branch Shahdara Branch 04/12/2018 राधाकृष्ण प्रकाशन BL-BR514/04.05.18/282/04.05.18/18.09.18 600.00 820.4 चतुर्वे B-706692 1 600.00 Hindi Books

© Delhi Public Library
Hit Counter
free hit counter